[Event "12th SRB-ch Women 2018"]
[Site "Kragujevac"]
[Date "2018.03.21"]
[Round "5"]
[White "Djukic, Sandra"]
[Black "Velikic, Adela"]
[Result "1/2-1/2"]
[WhiteElo "2174"]
[BlackElo "2293"]
[Annotator "TA"]
[PlyCount "34"]
[EventDate "2018.??.??"]
[EventType "tourn"]
[EventCountry "SRB"]
[SourceTitle "playchess.com"]
[Source "ChessBase"]
[SourceQuality "1"]

{[%evp 18,34,41,43,51,31,38,37,82,87,87,52,52,51,52,56,52,51,44]} 1. d4 Nf6 2. c4 e6 3. Nf3 b6 4. g3 Ba6 5. Qc2 Bb4+ 6. Bd2 {E15: Queen's Indian: 4 g3 sidelines, 4 g3 Ba6 and 4 g3 Bb7 early deviations} Be7 7. e4 {[%cal Be2e4,Be4e5][%mdl 32]} d5 8. cxd5 Bxf1 9. Kxf1 exd5 10. e5 {LiveBook: 133 Games} Ne4 11. Nc3 Nxc3 (11... Nxd2+ 12. Qxd2 Nc6 13. Kg2 Qd7 {½-½ (80) Postny,E (2569)-Ivanchuk,V (2727) Mali Losinj 2017}) 12. bxc3 O-O 13. h4 f6 $146 ({Predecessor:} 13... f5) 14. exf6 Bxf6 {White is slightly better.} 15. Kg2 Qd7 16. Rae1 Nc6 17. Bg5 h6 1/2-1/2

[Event "12th SRB-ch Women 2018"]
[Site "Kragujevac"]
[Date "2018.03.21"]
[Round "5"]
[White "Milosevic, Jovana"]
[Black "Zarkovic, Mila"]
[Result "1/2-1/2"]
[WhiteElo "2109"]
[BlackElo "2219"]
[Annotator "TA"]
[PlyCount "45"]
[EventDate "2018.??.??"]
[EventType "tourn"]
[EventCountry "SRB"]
[SourceTitle "playchess.com"]
[Source "ChessBase"]
[SourceQuality "1"]

{[%evp 12,45,20,18,20,-7,-6,-11,-7,-13,-10,-13,-8,-26,-25,-25,-25,-25,-20,-22,-20,-23,-25,-26,-29,-26,-29,-29,-27,-42,-22,-22,-22,-26,-22,-17]} 1. d4 Nf6 2. Bf4 e6 3. e3 c5 4. c3 d5 5. Nf3 Be7 6. h3 Nbd7 {D02: 1 d4 d5 2 Nf3 sidelines, including 2...Nf6 3 g3 and 2...Nf6 3 Bf4} (6... O-O 7. Nbd2 b6 8. Bd3 Ba6 9. Bxa6 Nxa6 10. O-O Qc8 11. Qe2 Qb7 12. Bh2 Rfc8 13. c4 Nb4 14. a3 Nc6 15. dxc5 bxc5 16. Rab1 {½-½ (41) Golubov,S (2481)-Hesham,A (2419) Baku 2016}) 7. Bd3 {LiveBook: 6 Games} c4 8. Bc2 b5 9. a3 Bb7 10. Nbd2 a5 11. Qe2 O-O 12. e4 $146 ({Predecessor:} 12. g4 Ne4 13. Ne5 Nxe5 14. Bxe5 f6 {0-1 (40) Hajek,J (2203)-Uhmann,J (2184) Czechia 2006}) 12... Nxe4 13. Nxe4 dxe4 14. Bxe4 Bxe4 15. Qxe4 Nf6 {[%cal Bd7f6,Bf6d5,Bd5c3][%mdl 32]} 16. Qe2 Nd5 17. Be5 b4 18. axb4 axb4 19. O-O $1 bxc3 20. bxc3 Rxa1 21. Rxa1 Nxc3 22. Qxc4 Qc8 23. Qd3 {Precision: White = 59%, Black = 84%.} 1/2-1/2

[Event "12th SRB-ch Women 2018"]
[Site "Kragujevac"]
[Date "2018.03.22"]
[Round "6"]
[White "Gajcin, Marina"]
[Black "Milosevic, Jovana"]
[Result "1-0"]
[WhiteElo "2295"]
[BlackElo "2109"]
[Annotator "RC"]
[PlyCount "71"]
[EventDate "2018.??.??"]
[EventType "tourn"]
[EventCountry "SRB"]
[SourceTitle "playchess.com"]
[Source "ChessBase"]
[SourceQuality "1"]
[TimeControl "40/5400+30:1800+30"]

1. e4 {[%emt 0:00:00]} d6 {[%emt 0:00:05]} 2. d4 {[%emt 0:00:00]} Nf6 {[%emt 0:00:06]} 3. Nc3 {[%emt 0:00:00]} e5 {[%emt 0:00:05]} 4. Nf3 {[%emt 0:00:00]} Nbd7 {[%emt 0:00:06]} 5. Bc4 {[%emt 0:00:07]} Be7 {[%emt 0:00:08]} 6. O-O {[%emt 0:01:08]} O-O {[%emt 0:00:06]} 7. a4 {[%emt 0:01:20]} a5 {[%emt 0:00:06]} 8. Re1 {[%emt 0:03:56]} c6 {[%emt 0:00:08]} 9. Bf1 {[%emt 0:16:36]} Re8 {[%emt 0:07:55]} 10. b3 {[%emt 0:05:11]} Qc7 {[%emt 0:01:24]} 11. Ba3 {[%emt 0:07:41]} Nf8 {[%emt 0:00:15]} 12. h3 {[%emt 0:08:06]} h6 {[%emt 0:08:07]} 13. Qd2 {[%emt 0:05:36]} Be6 {[%emt 0:04:07]} 14. Rad1 {[%emt 0:03:55]} Rad8 {[%emt 0:05:00]} 15. Qc1 {[%emt 0:00:54]} Ng6 {[%emt 0:00:31]} 16. g3 {[%emt 0:06:33]} Bf8 {[%emt 0:54:18]} 17. Bg2 {[%emt 0:04:13]} Qc8 {[%emt 0:08:52]} 18. Kh2 {[%emt 0:00:51]} Qc7 {[%emt 0:06:47]} 19. Qb2 {[%emt 0:07:00]} Nh7 {[%emt 0:00:20]} 20. Rd2 {[%emt 0:04:10]} Be7 {[%emt 0:00:45]} 21. d5 {[%emt 0:06:25]} Bd7 {[%emt 0:00:46]} 22. Red1 {[%emt 0:00:31]} c5 {[%emt 0:00:08]} 23. Re2 {[%emt 0:00:40]} f5 {[%emt 0:00:54]} 24. exf5 {[%emt 0:01:28]} Bxf5 {[%emt 0:00:06]} 25. Nd2 {[%emt 0:00:48]} h5 {[%emt 0:00:49]} 26. Be4 {[%emt 0:00:46]} Qc8 {[%emt 0:00:18]} 27. Nc4 {[%emt 0:01:47]} Bxe4 {[%emt 0:00:54]} 28. Nxe4 {[%emt 0:00:08]} Qc7 {[%emt 0:00:49]} 29. Qc3 {[%emt 0:00:30]} b6 {[%emt 0:00:27]} 30. Qf3 {[%emt 0:00:24]} Nf6 {[%emt 0:00:29]} 31. Nxf6+ {[%emt 0:00:42]} gxf6 {[%emt 0:00:07]} 32. Qxh5 {[%emt 0:01:10]} Kg7 {[%emt 0:00:10]} 33. Bc1 {[%emt 0:01:27]} Rh8 {[%emt 0:00:05]} 34. Qf5 {[%emt 0:00:21]} Rh7 {[%emt 0:01:02]} 35. Re4 {[%emt 0:01:49]} Rdh8 {[%emt 0:00:11]} 36. Rg4 {[%emt 0:00:21]} 1-0

[Event "12th SRB-ch Women 2018"]
[Site "Kragujevac"]
[Date "2018.03.22"]
[Round "6"]
[White "Velikic, Adela"]
[Black "Chelushkina, Irina"]
[Result "1-0"]
[WhiteElo "2293"]
[BlackElo "2261"]
[Annotator "RC"]
[PlyCount "73"]
[EventDate "2018.??.??"]
[EventType "tourn"]
[EventCountry "SRB"]
[SourceTitle "playchess.com"]
[Source "ChessBase"]
[SourceQuality "1"]
[TimeControl "40/5400+30:1800+30"]

1. e4 {[%emt 0:00:00]} c5 {[%emt 0:01:40]} 2. Nf3 {[%emt 0:00:00]} Nc6 {[%emt 0:00:46]} 3. d4 {[%emt 0:00:00]} cxd4 {[%emt 0:00:05]} 4. Nxd4 {[%emt 0:00:00]} Nf6 {[%emt 0:00:08]} 5. Nc3 {[%emt 0:00:00]} e5 {[%emt 0:00:02]} 6. Ndb5 {[%emt 0:00:05]} d6 {[%emt 0:00:04]} 7. Bg5 {[%emt 0:00:13]} a6 {[%emt 0:00:04]} 8. Na3 {[%emt 0:00:05]} b5 {[%emt 0:00:18]} 9. Bxf6 {[%emt 0:00:15]} gxf6 {[%emt 0:00:39]} 10. Nd5 {[%emt 0:00:16]} Bg7 {[%emt 0:00:25]} 11. Bd3 {[%emt 0:00:26]} Ne7 {[%emt 0:02:02]} 12. Nxe7 {[%emt 0:00:26]} Qxe7 {[%emt 0:01:02]} 13. c4 {[%emt 0:00:29]} f5 {[%emt 0:06:50]} 14. O-O {[%emt 0:11:20]} O-O {[%emt 0:03:26]} 15. Qf3 {[%emt 0:10:45]} d5 {[%emt 0:39:29]} 16. cxd5 {[%emt 0:08:09]} f4 {[%emt 0:01:30]} 17. Nb1 {[%emt 0:12:26]} Rb8 {[%emt 0:01:20]} 18. Nd2 {[%emt 0:14:19]} Rb6 {[%emt 0:01:36]} 19. Rfc1 {[%emt 0:00:53]} Rg6 {[%emt 0:02:53]} 20. Bf1 {[%emt 0:02:03]} Rd8 {[%emt 0:15:17]} 21. Qa3 {[%emt 0:09:13]} Qxa3 {[%emt 0:09:23]} 22. bxa3 {[%emt 0:00:04]} Bf8 {[%emt 0:00:12]} 23. a4 {[%emt 0:02:28]} Bd7 {[%emt 0:00:21]} 24. Rab1 {[%emt 0:03:00]} Ba3 {[%emt 0:04:03]} 25. Rc3 {[%emt 0:05:21]} b4 {[%emt 0:00:30]} 26. Rc7 {[%emt 0:00:30]} Bxa4 {[%emt 0:01:05]} 27. Nc4 {[%emt 0:00:13]} f3 {[%emt 0:02:19]} 28. g3 {[%emt 0:07:53]} Bc2 {[%emt 0:05:06]} 29. Nxa3 {[%emt 0:01:06]} Bxb1 {[%emt 0:00:05]} 30. Nxb1 {[%emt 0:00:04]} Rb6 {[%emt 0:00:03]} 31. Nd2 {[%emt 0:01:11]} Rdb8 {[%emt 0:00:37]} 32. Nxf3 {[%emt 0:06:15]} f6 {[%emt 0:00:06]} 33. Nd2 {[%emt 0:00:44]} a5 {[%emt 0:00:19]} 34. Ra7 {[%emt 0:00:56]} Rc8 {[%emt 0:01:12]} 35. Bc4 {[%emt 0:01:29]} Rc5 {[%emt 0:00:47]} 36. d6+ {[%emt 0:00:40]} Kf8 {[%emt 0:00:04]} 37. Ra8+ {[%emt 0:00:08]} 1-0

[Event "12th SRB-ch Women 2018"]
[Site "Kragujevac"]
[Date "2018.03.22"]
[Round "6"]
[White "Eric, Jovana"]
[Black "Benderac, Ana"]
[Result "1-0"]
[WhiteElo "2265"]
[BlackElo "2226"]
[Annotator "RC"]
[PlyCount "71"]
[EventDate "2018.??.??"]
[EventType "tourn"]
[EventCountry "SRB"]
[SourceTitle "playchess.com"]
[Source "ChessBase"]
[SourceQuality "1"]
[TimeControl "40/5400+30:1800+30"]

1. e4 {[%emt 0:00:00]} g6 {[%emt 0:00:07]} 2. d4 {[%emt 0:00:00]} Bg7 {[%emt 0:00:09]} 3. Nc3 {[%emt 0:00:00]} c6 {[%emt 0:00:24]} 4. Nf3 {[%emt 0:00:27]} d5 {[%emt 0:01:21]} 5. h3 {[%emt 0:00:37]} dxe4 {[%emt 0:03:59]} 6. Nxe4 {[%emt 0:00:06]} Nd7 {[%emt 0:03:48]} 7. Bc4 {[%emt 0:01:50]} Ngf6 {[%emt 0:05:57]} 8. Nxf6+ {[%emt 0:07:57]} Nxf6 {[%emt 0:00:17]} 9. O-O {[%emt 0:00:12]} O-O {[%emt 0:00:32]} 10. Bf4 {[%emt 0:01:59]} Nd5 {[%emt 0:00:57]} 11. Bg3 {[%emt 0:03:03]} h6 {[%emt 0:02:06]} 12. Bb3 {[%emt 0:00:38]} a5 {[%emt 0:06:10]} 13. c4 {[%emt 0:04:24]} Nb6 {[%emt 0:01:46]} 14. a3 {[%emt 0:00:27]} Be6 {[%emt 0:04:59]} 15. Qe2 {[%emt 0:01:39]} a4 {[%emt 0:02:31]} 16. Ba2 {[%emt 0:00:15]} Ra5 {[%emt 0:02:10]} 17. Rfd1 {[%emt 0:03:17]} Rh5 {[%emt 0:02:06]} 18. Rac1 {[%emt 0:05:49]} Bf6 {[%emt 0:22:46]} 19. Ne5 {[%emt 0:11:21]} Bxe5 {[%emt 0:10:08]} 20. Bxe5 {[%emt 0:00:43]} Nd7 {[%emt 0:01:51]} 21. Bh2 {[%emt 0:17:46]} Nf6 {[%emt 0:00:35]} 22. Rc3 {[%emt 0:04:29]} b5 {[%emt 0:08:40]} 23. d5 {[%emt 0:00:43]} cxd5 {[%emt 0:00:09]} 24. cxb5 {[%emt 0:01:22]} d4 {[%emt 0:05:29]} 25. Bxe6 {[%emt 0:01:52]} dxc3 {[%emt 0:00:16]} 26. Rxd8 {[%emt 0:00:14]} Rxd8 {[%emt 0:00:04]} 27. bxc3 {[%emt 0:02:00]} Rxb5 {[%emt 0:08:04]} 28. Be5 {[%emt 0:02:58]} Rxe5 {[%emt 0:05:28]} 29. Qxe5 {[%emt 0:00:15]} fxe6 {[%emt 0:00:03]} 30. Qxe6+ {[%emt 0:00:06]} Kf8 {[%emt 0:00:03]} 31. c4 {[%emt 0:01:19]} Rd6 {[%emt 0:01:18]} 32. Qc8+ {[%emt 0:00:59]} Kf7 {[%emt 0:00:04]} 33. Qa8 {[%emt 0:00:42]} Rd4 {[%emt 0:02:11]} 34. Qxa4 {[%emt 0:00:19]} Ke6 {[%emt 0:00:31]} 35. Qb3 {[%emt 0:01:16]} Ne4 {[%emt 0:00:27]} 36. Qe3 {[%emt 0:01:04]} 1-0

[Event "12th SRB-ch Women 2018"]
[Site "Kragujevac"]
[Date "2018.03.22"]
[Round "6"]
[White "Zarkovic, Mila"]
[Black "Injac, Teodora"]
[Result "1/2-1/2"]
[WhiteElo "2219"]
[BlackElo "2291"]
[Annotator "RC"]
[PlyCount "84"]
[EventDate "2018.??.??"]
[EventType "tourn"]
[EventCountry "SRB"]
[SourceTitle "playchess.com"]
[Source "ChessBase"]
[SourceQuality "1"]
[TimeControl "40/5400+30:1800+30"]

1. e4 {[%emt 0:00:00]} e6 {[%emt 0:00:13]} 2. d4 {[%emt 0:00:00]} d5 {[%emt 0:00:06]} 3. Nc3 {[%emt 0:00:00]} Nf6 {[%emt 0:00:22]} 4. Bg5 {[%emt 0:00:00]} Bb4 {[%emt 0:00:16]} 5. exd5 {[%emt 0:00:14]} Qxd5 {[%emt 0:00:46]} 6. Bxf6 {[%emt 0:01:21]} gxf6 {[%emt 0:00:07]} 7. Nge2 {[%emt 0:00:52]} Nc6 {[%emt 0:01:18]} 8. Qd3 {[%emt 0:01:22]} Bd7 {[%emt 0:02:10]} 9. O-O-O {[%emt 0:00:14]} Qa5 {[%emt 0:00:10]} 10. a3 {[%emt 0:17:14]} Be7 {[%emt 0:01:21]} 11. f4 {[%emt 0:05:36]} O-O-O {[%emt 0:01:25]} 12. g3 {[%emt 0:22:25]} f5 {[%emt 0:03:48]} 13. Bg2 {[%emt 0:04:35]} Bf6 {[%emt 0:02:31]} 14. Qc4 {[%emt 0:06:38]} Ne7 {[%emt 0:17:38]} 15. Kb1 {[%emt 0:07:28]} Kb8 {[%emt 0:06:33]} 16. Nc1 {[%emt 0:03:43]} Qb6 {[%emt 0:06:45]} 17. Nb3 {[%emt 0:07:39]} c6 {[%emt 0:18:09]} 18. Rhe1 {[%emt 0:04:04]} h5 {[%emt 0:00:51]} 19. Nc5 {[%emt 0:00:53]} Bc8 {[%emt 0:00:50]} 20. Re3 {[%emt 0:01:30]} Ka8 {[%emt 0:03:06]} 21. N5a4 {[%emt 0:05:30]} Qa5 {[%emt 0:13:24]} 22. Red3 {[%emt 0:01:08]} Kb8 {[%emt 0:00:56]} 23. Nc5 {[%emt 0:00:42]} Nd5 {[%emt 0:02:35]} 24. Ne2 {[%emt 0:04:14]} b6 {[%emt 0:05:53]} 25. Nb3 {[%emt 0:04:34]} Qa6 {[%emt 0:01:02]} 26. Bxd5 {[%emt 0:00:03]} cxd5 {[%emt 0:00:43]} 27. Qb4 {[%emt 0:00:07]} Qb7 {[%emt 0:01:43]} 28. Ng1 {[%emt 0:00:21]} a5 {[%emt 0:02:40]} 29. Qe1 {[%emt 0:00:24]} a4 {[%emt 0:01:44]} 30. Nc1 {[%emt 0:00:02]} Bd7 {[%emt 0:01:49]} 31. Nf3 {[%emt 0:00:02]} Bb5 {[%emt 0:00:09]} 32. Rc3 {[%emt 0:00:33]} Rhg8 {[%emt 0:01:57]} 33. Ne5 {[%emt 0:00:30]} h4 {[%emt 0:00:24]} 34. Na2 {[%emt 0:00:30]} hxg3 {[%emt 0:00:27]} 35. hxg3 {[%emt 0:00:23]} Rh8 {[%emt 0:01:04]} 36. Nb4 {[%emt 0:00:07]} Ka8 {[%emt 0:00:29]} 37. Qe3 {[%emt 0:02:54]} Rh2 {[%emt 0:00:37]} 38. Rd2 {[%emt 0:00:33]} Rh1+ {[%emt 0:01:16]} 39. Ka2 {[%emt 0:00:01]} Rdh8 {[%emt 0:01:00]} 40. Nbd3 {[%emt 0:00:33]} Rf1 {[%emt 0:31:34]} 41. Nf2 {[%emt 0:30:58]} Rh2 {[%emt 0:00:00]} 42. b3 {[%emt 0:00:00]} Bg7 {[%emt 0:00:00]} 1/2-1/2

[Event "12th SRB-ch Women 2018"]
[Site "Kragujevac"]
[Date "2018.03.22"]
[Round "6"]
[White "Djukic, Sandra"]
[Black "Blagojevic, Tijana"]
[Result "1/2-1/2"]
[WhiteElo "2174"]
[BlackElo "2249"]
[Annotator "TA"]
[PlyCount "139"]
[EventDate "2018.??.??"]
[EventType "tourn"]
[EventCountry "SRB"]
[SourceTitle "playchess.com"]
[Source "ChessBase"]
[SourceQuality "1"]

{[%evp 21,139,41,37,31,33,21,24,18,32,22,12,6,54,46,87,97,141,144,166,133,142,106,102,86,159,156,199,147,281,262,237,89,167,160,153,154,134,0,0,-123,-120,-738,195,195,1317,1314,1274,1313,1234,1212,1173,1110,983,0,0,0,924,0,0,0,0,0,16,28,14,14,130,137,136,112,94,56,278,270,270,261,311,311,311,311,435,420,390,306,306,306,306,296,291,291,290,290,281,270,270,265,296,185,326,308,354,350,340,332,1308,1060,764,483,716,232,236,234,350,170,170,170,170,0,108,93]} 1. d4 d5 2. c4 c6 3. Nf3 Nf6 4. e3 Bf5 5. Nc3 e6 6. Nh4 Bg4 7. Qb3 Qc7 8. h3 {D12: Slav Defence: 3 Nf3 Nf6 4 e3 Bf5} (8. Bd2 Bh5 9. Rc1 dxc4 10. Bxc4 Be7 11. h3 Qb6 12. g3 Nbd7 13. O-O Nd5 14. Ng2 Bg6 15. f3 O-O {½-½ (48) Aronian,L (2781)-Vallejo Pons,F (2705) Linares 2010}) 8... Bh5 9. g4 Bg6 10. Nxg6 hxg6 11. g5 dxc4 {LiveBook: 4 Games} 12. Qxc4 Nd5 13. Bd2 Be7 14. e4 $146 ({Predecessor:} 14. f4 Nd7 15. O-O-O Bb4 16. Qd3 O-O-O 17. Ne4 Bxd2+ 18. Qxd2 {½-½ (18) Lanin,B (2094)-Gromov,S (2237) ICCF email 2010}) 14... Nb6 15. Qd3 N8d7 16. f4 Rd8 17. Qf3 a6 18. O-O-O c5 19. d5 c4 20. h4 Nc5 21. Be3 Nba4 22. Bd4 (22. Bxc4 Nxc3 23. bxc3 Na4 $19) 22... Rg8 (22... Nxc3 $142 23. Bxc3 (23. bxc3 exd5 24. exd5 Qa5 $14) 23... exd5) 23. Kb1 $16 b5 24. Bh3 Nd3 (24... Nxc3+ $16 25. Bxc3 Qb7) 25. Nxa4 $18 bxa4 26. Rhf1 (26. h5 $18 {is more deadly.}) 26... a3 (26... Qb7 $16) 27. h5 gxh5 (27... axb2 28. hxg6 fxg6 29. Bxe6 $18) 28. g6 {Threatens to win with gxf7+.} f5 29. Bc3 (29. b3 $16) 29... Nxb2 $11 30. Rd2 (30. Bxb2 $11 Rb8 31. Rf2) 30... Na4 $17 31. Ka1 $2 {[%mdl 8192]} (31. Kc2 $17) 31... fxe4 $4 {[%mdl 8192]} (31... Nxc3 $19 {and life is good for Black.} 32. Qxc3 fxe4 33. Bxe6 Bf6 34. Bf7+ Kf8) 32. Qxe4 $18 Nxc3 $2 (32... Rf8 33. Bxg7 Bf6+ 34. Bxf6 Rxf6) 33. Qxe6 {[%csl Gg6][%cal Re6f7]} Rf8 {[#]} 34. d6 $1 {[%cal Rd6c7][%mdl 512]} Rxd6 35. Rxd6 {Threatening mate with Rd7.} Rf6 36. Qg8+ Rf8 37. Qe6 $2 (37. Rd7 $18 {White threatens Qe6 and mate.} Qxd7 38. Bxd7+ Kxd7 39. Qxg7) 37... Rf6 $1 $11 {[%cal Rf6e6]} ({Weaker is} 37... Qxd6 38. Qc8+ Bd8 39. Re1+ Ne4 40. Rxe4+ Qe7 41. Bd7#) 38. Qg8+ $4 $40 {[%mdl 8320] White is up to no good.} (38. Qd7+ $11 Qxd7 39. Rxd7 Rxg6 40. Re1) 38... Rf8 $18 39. Qe6 $2 ({Only move:} 39. Rd7 $18 {Intending Qe6 and mate.} Qxd7 40. Bxd7+ Kxd7 41. Qxg7) 39... Rf6 $1 $11 {[%cal Rf6e6]} ({Worse is} 39... Qxd6 40. Qc8+ Bd8 41. Re1+ Ne4 42. Rxe4+ Qe7 43. Bd7#) 40. Qd7+ Qxd7 41. Rxd7 Rd6 42. Rxd6 $1 Bxd6 {[%mdl 4096] Endgame KRB-KBN} 43. Re1+ Kd8 (43... Be7 $1 $11) 44. f5 $1 $16 {[%cal Rf5f6][%mdl 1024] White has strong compensation.} Be7 {[#]} 45. Re6 $1 {Strongly threatening f6.} Nd5 46. Kb1 ({Reject} 46. Rxa6 $6 c3 $11) 46... c3 $2 {[#]} (46... Nc3+ $14 47. Kc2 Nxa2) 47. Bg2 $1 $18 {[%cal Rg2d5]} Nf6 48. Kc2 h4 49. Rxa6 Kd7 50. Kxc3 Nh5 51. Bf3 Nf6 52. Ra8 h3 53. Rh8 Kd6 54. Rxh3 Ke5 55. Rh7 Bf8 56. Rh8 Be7 57. Be2 Kxf5 58. Bd3+ Kg5 59. Kd4 Nh5 (59... Ng4 {was called for.} 60. Kd5 Bf6) 60. Ra8 Bf6+ 61. Ke3 Bb2 62. Ra5+ Kh6 $2 (62... Kh4 63. Kf3 Nf6) 63. Kf3 Nf6 64. Kg3 Nd7 (64... Bc1 $142 65. Kf3 Bd2) 65. Ra7 $2 (65. Kf4 {White wants to mate with Ra8.} Nf6 66. Rc5) 65... Ne5 66. Be4 Nc4 (66... Bc1 $142 67. Kg2 Bb2) 67. Ra8 (67. Kg4 $142) 67... Kg5 68. Rc8 Ne5 69. Ra8 $2 (69. Rc5 $18) 69... Nxg6 (69... Nc4 $1 $11 {keeps the balance.} 70. Ra4 Ne5) 70. Bxg6 {Precision: White = 53%, Black = 43%.} 1/2-1/2

[Event "12th SRB-ch Women 2018"]
[Site "Kragujevac"]
[Date "2018.03.23"]
[Round "7"]
[White "Injac, Teodora"]
[Black "Gajcin, Marina"]
[Result "1/2-1/2"]
[WhiteElo "2291"]
[BlackElo "2295"]
[Annotator "TA"]
[PlyCount "68"]
[EventDate "2018.??.??"]
[EventType "tourn"]
[EventCountry "SRB"]
[SourceTitle "playchess.com"]
[Source "ChessBase"]
[SourceQuality "1"]

{[%evp 21,68,6,18,0,7,12,23,22,22,8,6,22,19,0,-2,-110,-51,-76,-58,-149,-155,-158,-64,-75,-90,-122,-17,-285,-260,-268,-237,-301,-129,-185,-164,-306,-315,-316,-310,-660,-650,-700,-694,-711,-17,-19,-37,-43,-2]} 1. Nf3 c5 2. c4 Nc6 3. Nc3 g6 4. e3 Nf6 5. d4 cxd4 6. exd4 d5 7. cxd5 Nxd5 8. Qb3 e6 9. Bb5 Bg7 10. O-O {A35: Symmetrical English: 2 Nc3 Nc6 3 Nf3} O-O 11. Bxc6 bxc6 {LiveBook: 60 Games} 12. Re1 {The position is equal.} Qb6 13. Qc2 {[#]} Rb8 $146 14. Na4 Qb5 15. Nc5 {[#]} e5 $1 {[%mdl 512]} 16. Nxe5 (16. dxe5 Bf5) 16... Bf5 17. Qd1 Rbe8 $36 {[%mdl 2048] ...Rxe5! is the strong threat. Black is pushing.} 18. Na4 {[#]} (18. a4 $11 {remains equal.} Qb4 19. Qd2) 18... Nb4 $1 $17 {[%mdl 1024] White must now prevent ...Nc2. Black has strong compensation.} 19. Nc3 Qa6 {Hoping for ...Nc2.} 20. Be3 (20. g4 $1 $15 Bc2 21. Qe2) 20... c5 21. g4 Rd8 ({Black should play} 21... cxd4 $17 22. Bxd4 Nc2 23. gxf5 Nxe1 24. Qxe1 Qd6) 22. gxf5 $15 {aiming for a3.} Bxe5 $1 23. d5 Rfe8 (23... Nd3 $17 {Strongly threatening ...Bxc3.} 24. Qe2 Bxc3 25. bxc3 Rxd5) 24. a3 $2 {[%mdl 8192]} (24. fxg6 $11 hxg6 25. Bg5) 24... Nd3 $19 25. Qe2 c4 26. Red1 Qd6 ({Much less strong is} 26... gxf5 27. f4 $19) (26... Bxc3 $19 {and Black stays clearly on top.} 27. bxc3 Rxd5) 27. Qg4 (27. Rxd3 $17 cxd3 28. Qxd3) 27... Nxb2 28. Rdc1 (28. Ne4 {was worth a try.} Qa6 29. Rd4) 28... Bxh2+ 29. Kf1 {If only White now had time for Ne4....} Be5 ({Don't do} 29... Nd3 30. Rc2 $19) 30. Ra2 $2 (30. Bg5 Rb8 31. Rab1) 30... Nd3 31. Rcc2 Bxc3 32. Qxc4 Qxd5 $2 ({Black should try} 32... Qh2 $19 {( -> ...Qh1+)} 33. Rxc3 Qh1+ 34. Ke2 Ne5) 33. Qxd5 $11 Rxd5 34. Rxc3 Ne5 {Precision: White = 12%, Black = 41%.} 1/2-1/2

[Event "12th SRB-ch Women 2018"]
[Site "Kragujevac"]
[Date "2018.03.23"]
[Round "7"]
[White "Chelushkina, Irina"]
[Black "Zarkovic, Mila"]
[Result "1-0"]
[WhiteElo "2261"]
[BlackElo "2219"]
[Annotator "TA"]
[PlyCount "63"]
[EventDate "2018.??.??"]
[EventType "tourn"]
[EventCountry "SRB"]
[SourceTitle "playchess.com"]
[Source "ChessBase"]
[SourceQuality "1"]

{[%evp 17,63,98,90,56,56,56,52,53,56,56,75,50,56,42,50,55,63,68,62,0,41,0,0,0,0,0,0,0,18,38,57,61,95,0,0,0,83,88,137,66,184,161,210,208,657,493,6072,6047]} 1. g3 e5 2. c4 Nf6 3. Bg2 d5 4. cxd5 Nxd5 5. Nf3 Nc6 6. O-O Be7 7. d4 {A20: English Opening: 1...e5} e4 8. Ne5 Bf5 (8... f5 9. Nxc6 bxc6 10. Qc2 Qd7 11. Nc3 O-O 12. Nxd5 cxd5 13. Bf4 c6 14. Rfc1 Bb7 15. e3 a5 16. h4 Rfc8 {½-½ (35) Topalov,V (2749)-Karjakin,S (2781) Paris 2017}) 9. Nxc6 bxc6 {LiveBook: 4 Games} 10. Nc3 (10. Nd2 {with more complications.} Nf6 11. Qc2 Qd5 12. Nc4 Be6 13. b3) 10... Nxc3 11. bxc3 O-O 12. Be3 Qd5 13. Qc2 Bf6 $146 ({Predecessor:} 13... Bg6 14. Rab1 f5 {1-0 (35) Sevostianov,P (2302)-Vasina,O (2040) Chervonograd 2014}) 14. c4 Qe6 15. Rab1 Rfd8 16. Rfd1 h5 17. h4 Rd7 18. Rb7 (18. c5 $14) 18... a5 19. Rd2 Rad8 {[%cal Rf6d4]} 20. d5 cxd5 21. cxd5 Rxd5 22. Rxd5 Rxd5 23. Rxc7 Rb5 24. a4 $36 {[%mdl 2048] White is more active.} Rb2 25. Qc4 (25. Qc5 $16) 25... Rb4 26. Qc2 (26. Qc5 $11) 26... Rb2 $16 27. Qc5 Rxe2 28. Rc6 (28. Ra7 $16) 28... Qd7 {[#]} ({Black should try} 28... Qe5 $14) 29. Ra6 $1 $18 {[%cal Bc6a6,Ba6a5,Ba5a8][%mdl 32]} Re1+ 30. Kh2 Ra1 $2 (30... Bg6 31. Ra8+ (31. Qxa5 Ra1 $14) (31. Rxa5 Qd8 $14) 31... Kh7) 31. Rxa5 g6 (31... Qe6 $142 32. Qxf5 Qxf5 33. Rxf5 Rxa4) 32. Ra8+ {Precision: White = 61%, Black = 25%.} 1-0